Top 100 Greatest Actors of All Time - Statistics

General Stats
  • This quiz has been taken 1,010 times
  • The average score is 55 of 100
Answer Stats
Rank Notable Movie Answer % Correct
7 Forrest Gump Tom Hanks
96%
75 The Curious Case of Benjamin Button Brad Pitt
91%
28 The Revenant Leonardo DiCaprio
91%
76 Top Gun Tom Cruise
90%
1 The Shining Jack Nicholson
89%
3 Raging Bull Robert De Niro
88%
4 Scent of a Woman Al Pacino
86%
66 Pirates of the Caribbean Series Johnny Depp
86%
2 The Godfather Marlon Brando
85%
19 Shawshank Redemption Morgan Freeman
84%
8 Silence of the Lambs Anthony Hopkins
83%
77 The Talented Mr. Ripley Matt Damon
83%
82 Indiana Jones Series Harrison Ford
82%
29 Gladiator Russell Crowe
81%
79 Iron Man Robert Downey Jr.
79%
16 Good Will Hunting Robin Williams
79%
92 Pulp Fiction Samuel L. Jackson
79%
5 Lincoln Daniel Day-Lewis
78%
10 Training Day Denzel Washington
78%
93 The Truman Show Jim Carrey
78%
72 The Dark Knight Christian Bale
77%
81 Braveheart Mel Gibson
75%
6 Rain Main Dustin Hoffman
74%
63 Brokeback Mountain Heath Ledger
73%
23 Million Dollar Baby Clint Eastwood
72%
98 The Pursuit of Happiness Will Smith
72%
68 Django Unchained Jamie Foxx
70%
27 The Master Philip Seymour Hoffman
70%
25 The Great Dictator Charlie Chaplin
69%
80 Taken Liam Neeson
69%
74 Fight Club Edward Norton
68%
52 Dr. No Sean Connery
65%
55 Goodfellas Joe Pesci
64%
91 Ghostbusters Bill Murray
62%
78 X-Men Series Hugh Jackman
62%
31 Casablanca Humphrey Bogart
62%
71 Interstellar Matthew McConaughey
62%
18 Mystic River Sean Penn
62%
26 Gandhi Ben Kingsley
61%
70 The King's Speech Colin Firth
61%
73 Darkest Hour Gary Oldman
60%
30 Se7en Kevin Spacey
60%
56 Lord of the Rings Series Ian McKellen
59%
69 Her Joaquin Phoenix
58%
9 The Color of Money Paul Newman
58%
96 Die Hard Alan Rickman
57%
64 Inglourious Basterds Christoph Waltz
56%
15 A Philadelphia Story James Stewart
56%
62 No Country for Old Men Javier Bardem
56%
47 True Grit John Wayne
56%
24 The French Connection Gene Hackman
55%
32 To Kill a Mockingbird Gregory Peck
55%
42 12 Angry Men Henry Fonda
54%
86 The Natural Robert Redford
54%
85 Citizen Kane Orson Welles
53%
22 Lawrence of Arabia Peter O'Toole
52%
83 Annie Hall Woody Allen
51%
43 North by Northwest Cary Grant
50%
20 Crazy Heart Jeff Bridges
48%
12 Hamlet Laurence Olivier
48%
89 Singin' in the Rain Gene Kelly
47%
49 Star Wars: Episode IV - A New Hope Alec Guinness
46%
88 Ben-Hur Charlton Heston
46%
87 East of Eden James Dean
46%
34 High Noon Gary Cooper
45%
33 It Happened One Night Clark Gable
44%
57 Behind the Candelabra Michael Douglas
44%
54 The Deer Hunter Christopher Walken
43%
48 The Final Countdown Kirk Douglas
43%
14 Educated Rita Michael Caine
43%
51 The Homesman Tommy Lee Jones
43%
84 The Great Escape Steve McQueen
42%
35 Patton George C. Scott
40%
21 Lillies of the Field Sidney Poitier
40%
67 Sicario Benicio Del Toro
38%
58 Midnight Cowboy Jon Voight
38%
65 Harry Potter Series Ralph Fiennes
38%
13 Save the Tiger Jack Lemmon
37%
100 The General Buster Keaton
36%
45 From Here to Eternity Burt Lancaster
35%
44 Who's Afraid of Virginia Woolf? Richard Burton
35%
17 The Apostle Robert Duvall
35%
60 Shine Geoffrey Rush
34%
11 Boys Town Spencer Tracy
34%
95 The Departed Martin Sheen
32%
38 Zorba the Greek Anthony Quinn
30%
40 Angels with Dirty Faces James Cagney
30%
41 Network Peter Finch
28%
61 Dead Ringers Jeremy Irons
26%
39 Being There Peter Sellers
26%
46 Stalag 17 William Holden
26%
99 10 Cloverfield Lane John Goodman
25%
53 Argo Alan Arkin
23%
50 Beginners Christopher Plummer
19%
36 All the President's Men Jason Robards
18%
90 Out of the Past Robert Mitchum
18%
94 Crash Don Cheadle
17%
37 Witness for the Prosecution Charles Laughton
16%
97 Double Indemnity Edward G. Robinson
12%
59 Murder on the Orient Express Albert Finney
1%
No matching quizzes found
Score Distribution
Percent of People with Each Score
Percentile by Number Answered
Your Score History
You have not taken this quiz